000 00392nam a22001217a 4500
008 230627b xxu||||| |||| 00| 0 eng d
082 _a338.165
_bOKE 1996
245 _aAgriculture Sector Management Reform and Policy Analysis The Kenyan Case
260 _bInstitute for Development Studies University of Nairobi
_c1996
300 _aVI,188p
440 _n63
_pOccasional Paper
942 _2ddc
_cBK
999 _c2909
_d2909